书目信息 |
| 题名: |
好听易弹
|
|
| 作者: | 白吉兵 编配 | |
| 分册: | 1 | |
| 出版信息: | 北京 现代出版社 2016 |
|
| 页数: | 185页 | |
| 开本: | 29cm | |
| 丛书名: | ||
| 单 册: | ||
| 中图分类: | J647.32 | |
| 科图分类: | ||
| 主题词: | 六弦琴--liu xian qin--器乐曲--作品集--中国--现代 | |
| 电子资源: | ||
| ISBN: | 978-7-5143-4651-0 | |
| 000 | 00733nam0 22002291 450 | |
| 001 | 0124140147 | |
| 005 | 20170327142331.72 | |
| 010 | @a978-7-5143-4651-0@dCNY35.00 | |
| 100 | @a20160622d2016 em y0chiy50 ea | |
| 101 | 0 | @achi |
| 102 | @aCN@b110000 | |
| 105 | @ag z 000yy | |
| 106 | @ar | |
| 200 | 1 | @a好听易弹@9hao ting yi dan@e指弹吉他曲大合集@h1@f白吉兵编配 |
| 210 | @a北京@c现代出版社@d2016 | |
| 215 | @a185页@d29cm | |
| 330 | @a本书收录了《在回忆中等你》、《万里长城永不倒》、《好人一生平安》、《铁血丹心》等歌曲。 | |
| 606 | 0 | @a六弦琴@9liu xian qin@x器乐曲@x作品集@y中国@z现代 |
| 690 | @aJ647.32@v5 | |
| 701 | 0 | @a白吉兵@9bai ji bing@4编配 |
| 801 | 0 | @aCN@bTANGWEI@c20170308 |
| 905 | @b0961892-4@dJ647.32@e203:1@f3 | |
| 好听易弹:指弹吉他曲大合集.1/白吉兵编配.-北京:现代出版社,2016 |
| 185页;29cm |
| ISBN 978-7-5143-4651-0:CNY35.00 |
| 本书收录了《在回忆中等你》、《万里长城永不倒》、《好人一生平安》、《铁血丹心》等歌曲。 |
| ● |
| 相关链接 |
|
|
|
|
正题名:好听易弹
索取号:J647.32/203:1
 
预约/预借
| 序号 | 登录号 | 条形码 | 馆藏地/架位号 | 状态 | 备注 |
| 1 | 0961892 | 209618920 | 第一样本阅览室/ [索取号:J647.32/203:1] | 在馆 | |
| 2 | 0961893 | 209618939 | 第一借阅区/ [索取号:J647.32/203:1] | 在馆 | |
| 3 | 0961894 | 209618948 | 第一借阅区/ [索取号:J647.32/203:1] | 在馆 |